000
00324nam a22001457a 4500
008
240205b ||||| |||| 00| 0 eng d
020
_a
0306309963
041
_a
eng
080
_2
1977
_a
61
082
_a
61SIN
100
_a
2
101
_a
MJP
245
_a
PAGET*S DISEASE OF BONE
_c
FREDERICK R.SINGER
942
_2
udc
_c
BK
999
_c
60581
_d
60581